[Event "Pinerolo op"]
[Site "Pinerolo"]
[Date "2009.11.15"]
[Round "4"]
[White "Flego, Dario"]
[Black "Carrozza, Alessandro"]
[Result "1/2-1/2"]
[WhiteElo "1768"]
[BlackElo "1458"]
[PlyCount "47"]
[EventDate "2009.11.13"]
[EventType "swiss"]
[EventRounds "5"]
[EventCountry "ITA"]
[SourceTitle "EXT 2012"]
[Source "ChessBase"]
[SourceDate "2011.11.24"]
[SourceVersion "1"]
[SourceVersionDate "2011.11.24"]
[SourceQuality "1"]

1. c4 Nf6 2. Nf3 d5 3. cxd5 Nxd5 4. Nc3 g6 5. e4 Nb6 6. d4 Bg7 7. Be2 0-0 8. 0-0 Bg4 9. e5 Nc6 10. d5 Nb4 11. d6 c6 12. Qb3 Bxf3 13. Qxb4 Bxe2 14. dxe7 Qd3 15. Re1 Rfe8 16. Rxe2 Qd7 17. Bg5 Nc8 18. Rd1 Qe6 19. Qxb7 Nxe7 20. Red2 Nf5 21. Qd7 Bxe5 22. Qxe6 Rxe6 23. f4 Bd6 24. Rd3 1/2-1/2

[Event "Pinerolo op"]
[Site "Pinerolo"]
[Date "2009.11.14"]
[Round "3"]
[White "Longo, Luigi"]
[Black "Carrozza, Alessandro"]
[Result "1-0"]
[WhiteElo "1962"]
[BlackElo "1458"]
[PlyCount "42"]
[EventDate "2009.11.13"]
[EventType "swiss"]
[EventRounds "5"]
[EventCountry "ITA"]
[SourceTitle "EXT 2012"]
[Source "ChessBase"]
[SourceDate "2011.11.24"]
[SourceVersion "1"]
[SourceVersionDate "2011.11.24"]
[SourceQuality "1"]

1. d4 Nf6 2. Nf3 g6 3. Bg5 Bg7 4. Nbd2 0-0 5. e4 d6 6. Bd3 c5 7. c3 Nfd7 8. d5 Ne5 9. Nxe5 Bxe5 10. Bh6 Re8 11. Nf3 Bg7 12. Qd2 e6 13. 0-0-0 exd5 14. exd5 Nd7 15. Bxg7 Kxg7 16. Qf4 Qf6 17. Qa4 b6 18. Bb5 Re7 19. Bc6 Rb8 20. Qxa7 Qf5 21. Bxd7 Rb7 1-0

[Event "Pinerolo op"]
[Site "Pinerolo"]
[Date "2009.11.13"]
[Round "1"]
[White "Carrozza, Alessandro"]
[Black "Carnino, Luca"]
[Result "1-0"]
[WhiteElo "1458"]
[BlackElo "1819"]
[PlyCount "29"]
[EventDate "2009.11.13"]
[EventType "swiss"]
[EventRounds "5"]
[EventCountry "ITA"]
[SourceTitle "EXT 2012"]
[Source "ChessBase"]
[SourceDate "2011.11.24"]
[SourceVersion "1"]
[SourceVersionDate "2011.11.24"]
[SourceQuality "1"]

1. c4 e5 2. Nc3 Nf6 3. Nf3 g6 4. Nxe5 Bg7 5. Nf3 0-0 6. g3 d6 7. Bg2 c6 8. 0-0 Re8 9. e3 Nbd7 10. d4 d5 11. cxd5 cxd5 12. b3 Nb6 13. Bb2 Bg4 14. Rc1 a6 15. Qd2 1-0